000 00440 a2200145 4500
999 _c7811
_d7811
003 NUST
005 20170512123334.0
008 170511b xxu||||| |||| 00| 0 eng d
040 _aDLC
_bDLC
_cNUST
082 _a297.63
100 _aHaykal, Muhammad Husayn
_9419
245 _aThe Life of Muhammad P.B.U.H
_cMuhammad Husayn Haykal
260 _aKarachi:
_bDarul-Ishaat,
_c1999.
300 _axi, 639 p.
500 _aIncludes Index
650 _a1.Muhammad, Prophet, d632--Biography.2.Muslims--Saudi Arabia--Biography.
_9422
942 _cBK
_k297.63 HAY
_2ddc